Представление документа в формате MARC21

ПолеНазваниеЗначение
  Тип записи a
  Библиографический уровень m
001 Контрольный номер RU/URAIT/540066
003 Принадлежность контрольного номера https://urait.ru/bcode/540066
005 Дата корректировки 20240827112610.0
008 Кодируемые данные
020 Индекс ISBN __
a ISBN 978-5-534-07545-8
c Цена, тираж 1059.00
040 Источник каталогиз. __
a Служба первич. каталог. ИКО Юрайт
b Код языка каталог. rus
c Служба, преобразующая запись ИКО Юрайт
041 Код языка издания 0_
a Код языка текста rus
044 Код страны публикации __
a Код страны публикации RU
073 _1
a 9785534075458
d 1059.00
080 Индекс УДК __
a Индекс УДК 517(075.8)
084 Индекс другой классификации/Индекс ББК __
a Индекс другой классификации/Индекс ББК 22.16я73
2 Источник индекса rubbk
091 Индексы/ коды __
a Индекс ББК (DOS) 22.16я73
z rubbk
100 Автор 1_
a Автор Плотникова Е. Г.
q Полное имя Евгения Григорьевна
230 __
a Электрон. дан.
245 Заглавие 00
a Заглавие Математический анализ и дискретная математика
b Продолж. заглавия учебное пособие
c Ответственность Е. Г. Плотникова, С. В. Левко, В. В. Логинова, Г. М. Хакимова ; под общей редакцией Е. Г. Плотниковой.
250 Сведения об издании __
a Основные сведения об издании 2-е изд.
b Дополнительные сведения об издании пер. и доп
260 Выходные данные 1_
a Место издания Москва
b Издательство Юрайт
c Дата издания 2024
300 Физическое описание __
a Объем 300 с
440 Серия _0
a Серия Высшее образование
500 Примечания __
a Примечание URL: https://urait.ru/bcode/540066 (дата обращения: 27.08.2024).
520 Аннотация __
a Аннотация Учебное пособие содержит практические задания по таким разделам математики, как функции переменных и дискретная математика. В первой части дается дифференциальное и интегральное исчисление функции нескольких переменных, описывается теория поля. Во второй части охарактеризованы множества, представлены основные формулы комбинаторики, теория графов, переключительные функции.
538 Прим. о системных особенностях __
a Прим. о системных особенностях Режим доступа: Электронно-библиотечная система Юрайт, для авториз. пользователей
653 Ключевые слова 2_
a Ключевые слова Математический анализ
653 Ключевые слова 2_
a Ключевые слова Математика и статистика
653 Ключевые слова 2_
a Ключевые слова Дискретная математика
653 Ключевые слова 2_
a Ключевые слова Математический анализ
653 Ключевые слова 2_
a Ключевые слова математический анализ II (функции многих переменных, теория комплексных чисел)
653 Ключевые слова 2_
a Ключевые слова Основы математического анализа
653 Ключевые слова 2_
a Ключевые слова Математика. Дискретная математика
653 Ключевые слова 2_
a Ключевые слова Математика. Математический анализ
653 Ключевые слова 2_
a Ключевые слова Введение в дискретную математику
653 Ключевые слова 2_
a Ключевые слова Основы дискретной математики
653 Ключевые слова 2_
a Ключевые слова Введение в математический анализ
700 Другие авторы 1_
a Другие авторы Левко С. В.
q Полное имя Светлана Владимировна
700 Другие авторы 1_
a Другие авторы Логинова В. В.
q Полное имя Валерия Валерьевна
700 Другие авторы 1_
a Другие авторы Хакимова Г. М.
q Полное имя Галия Мансуровна
856 Электронный адрес документа 40
n Местонахождение сервера Юрайт
g Электронная книга
q Тип электронного формата html
h Имя пользователя ЮРАЙТ
v Часы доступа к ресурсу 20251231
2 Способ доступа Показать документ
x Служебное примечание https://urait.ru/book/cover/1B611195-20A4-408E-B0E3-77B69F0D2E3B
u URL https://urait.ru/bcode/540066
856 Электронный адрес документа 41
q Тип электронного формата cover
u URL https://urait.ru/book/cover/1B611195-20A4-408E-B0E3-77B69F0D2E3B